| 000 | 00390nam a2200181Ia 4500 | ||
|---|---|---|---|
| 005 | 20250603150000.0 | ||
| 008 | 250603s9999 xx 000 0 und d | ||
| 020 | _a9789785771855 | ||
| 050 | _aPS 3603 .B85/ | ||
| 100 | _aBula, Andrew | ||
| 245 | 0 | _aTurns of thought | |
| 260 | _aAbuja | ||
| 260 | _bOld Press | ||
| 260 | _c2020 | ||
| 300 | _a33 p | ||
| 650 | _aAbuja | ||
| 942 | _cBK | ||
| 999 |
_c43420 _d43420 |
||